000 00831cam a22002172 4500
001 0000008783
005 20151217145844.0
008 080603s xx 000 0 eng d
020 _a080507936x :
_cKES 990
040 _aKABU
_cKABU
100 1 _aClarke, Thurston.
_@0000082729
245 1 0 _aAsk not :
_bthe inauguration of John F. Kennedy and the speech that changed America /
_cThurston Clarke.
260 _aNew York :
_bHenry Holt,
_c2005.
300 _axvi, 264 p.
600 1 0 _aKennedy, John F,
_d1917-1963,
_q(John Fitzgerald)
_tInaugural address.
_@0000169525
600 1 0 _aKennedy, John F,
_d1917-1963,
_q(John Fitzgerald)
_xInauguration, 1961.
_@0000169525
700 1 _aKennedy, John F.
_q(John Fitzgerald),
_d1917-1963.
_@0000003883
908 _a080603
950 _@1
999 _c3340
_d3340